Fuzzy sets in the management of uncertainty /

Fuzzy Sets in the Management of Uncertainty presents an overview of current problems in business management, primarily for those situations involving decision making of an economic-financial nature. The monograph therefore discusses problems of planning, programming, control and brings light to the...

Full description

Bibliographic Details
Main Author: Gil Aluja, Jaime
Corporate Author: SpringerLink (Online service)
Format: eBook
Language:English
Published: Berlin ; New York : Springer, [2004]
Series:Studies in fuzziness and soft computing ; v. 145.
Subjects:
Online Access:Connect to the full text of this electronic book

MARC

Tag First Indicator Second Indicator Subfields
LEADER 00000cam a2200000Ma 4500
001 in00003507521
006 m o d
007 cr unu||||||||
008 040102s2004 gw a ob 000 0 eng d
005 20260422214839.9
020 |a 9783540396994 (electronic bk.) 
020 |a 3540396993 (electronic bk.) 
020 |z 3540203419 
020 |z 9783540203414 
020 |a 9783642057946 (print) 
020 |a 3642057942 (print) 
024 7 |a 10.1007/978-3-540-39699-4  |2 doi 
035 |a (OCoLC)321305345 
040 |a SCPER  |b eng  |e pn  |c CUSER  |d OCLCQ  |d NUI  |d GW5XE  |d OCLCF  |d OCLCQ  |d COO  |d UtOrBLW 
049 |a TXAM 
050 4 |a HD30.23  |b .G523 2004 
082 0 4 |a 658/.001/511313  |2 22 
100 1 |a Gil Aluja, Jaime. 
245 1 0 |a Fuzzy sets in the management of uncertainty /  |c Jaime Gil-Aluja. 
264 1 |a Berlin ;  |a New York :  |b Springer,  |c [2004] 
264 4 |c ©2004 
300 |a 1 online resource (xiii, 420 pages) :  |b illustrations. 
336 |a text  |b txt  |2 rdacontent 
337 |a computer  |b c  |2 rdamedia 
338 |a online resource  |b cr  |2 rdacarrier 
490 1 |a Studies in fuzziness and soft computing,  |x 1434-9922 ;  |v v. 145 
504 |a Includes bibliographical references (pages 419-420). 
505 0 |a Uncertainty in Business Management -- The Setting up a Business -- The Investment Process -- Drawing up of a Budget -- Economic Treatment of Fixed Assets -- Management of Human Resources -- Accounting in Financial Analysis -- Distribution in Commercial Activity -- The Image of a Business. 
520 |a Fuzzy Sets in the Management of Uncertainty presents an overview of current problems in business management, primarily for those situations involving decision making of an economic-financial nature. The monograph therefore discusses problems of planning, programming, control and brings light to the entire financial network in its three phases: raising funds, analysis and investment. Special attention is paid to production processes and marketing of products and services. This monograph is a highly readable overview and introduction for scientists, professionals, graduate students, managers and consultants in the growing field of applications of and fuzzy logic in the field of management. 
500 |a Electronic resource. 
650 0 |a Decision making. 
650 0 |a Industrial management. 
650 0 |a Uncertainty. 
650 0 |a Fuzzy systems. 
650 7 |a Decision making.  |2 fast  |0 (OCoLC)fst00889035 
650 7 |a Fuzzy systems.  |2 fast  |0 (OCoLC)fst00936814 
650 7 |a Industrial management.  |2 fast  |0 (OCoLC)fst00971246 
650 7 |a Uncertainty.  |2 fast  |0 (OCoLC)fst01160832 
655 7 |a Electronic books.  |2 local 
710 2 |a SpringerLink (Online service) 
776 1 8 |i Print version:  |w (OCoLC)54034659 
830 0 |a Studies in fuzziness and soft computing ;  |v v. 145.  |x 1434-9922 
856 4 0 |u http://proxy.library.tamu.edu/login?url=https://link.springer.com/10.1007/978-3-540-39699-4  |z Connect to the full text of this electronic book  |t 0 
994 |a 92  |b TXA 
999 |a MARS 
999 f f |s f1e2619c-ef37-3ed1-8dd4-c5504275eb24  |i dc4ff873-c613-3be3-9580-fc4b9affa367  |t 0 
952 f f |a Texas A&M University  |b College Station  |c Electronic Resources  |s www_evans  |d Available Online  |t 0  |e HD30.23 .G523 2004  |h Library of Congress classification 
998 f f |a HD30.23 .G523 2004  |t 0  |l Available Online